| Tag |
First Indicator |
Second Indicator |
Subfields |
| LEADER |
00000cam a22000004i 4500 |
| 001 |
in00004817521 |
| 008 |
030416s2003 nyua b 001 0 eng |
| 005 |
20240808225301.9 |
| 010 |
|
|
|a 2004296924
|
| 035 |
|
|
|a (OCoLC)ocm52853353
|
| 040 |
|
|
|a NLM
|b eng
|e rda
|c NLM
|d YEH
|d OSU
|d MUQ
|d DLC
|d BAKER
|d CGC
|d YDXCP
|d UXS
|d BDX
|d OCLCF
|d OCLCQ
|d OCLCO
|d OCLCQ
|d UZ0
|d THHCU
|d OCLCO
|d CNUTO
|d THHCU
|d OCLCQ
|d OCLCA
|d UKMGB
|d LUN
|d OCLCO
|d OCLCL
|d OCLCA
|
| 016 |
7 |
|
|a 101180146
|2 DNLM
|
| 016 |
7 |
|
|a 011482135
|2 Uk
|
| 019 |
|
|
|a 52075530
|a 992293650
|
| 020 |
|
|
|a 9780824742355
|q (alk. paper)
|
| 020 |
|
|
|a 0824742354
|q (alk. paper)
|
| 029 |
0 |
|
|a NLM
|b 101180146
|
| 029 |
1 |
|
|a AU@
|b 000024878055
|
| 029 |
1 |
|
|a HEBIS
|b 111410584
|
| 029 |
1 |
|
|a NZ1
|b 7674514
|
| 029 |
1 |
|
|a UKMGB
|b 011482135
|
| 035 |
|
|
|a (OCoLC)52853353
|z (OCoLC)52075530
|z (OCoLC)992293650
|
| 042 |
|
|
|a pcc
|
| 050 |
0 |
0 |
|a RB155.8
|b .O536 2003
|
| 060 |
0 |
0 |
|a W1
|b DR893B v.131 2003
|
| 060 |
1 |
0 |
|a QZ 52
|b P536 2003
|
| 080 |
|
|
|a 615.18.015:615.19 ROL
|
| 082 |
0 |
0 |
|a 615.8/95
|2 22
|
| 049 |
|
|
|a MAIN
|
| 245 |
0 |
0 |
|a Pharmaceutical gene delivery systems /
|c edited by Alain Rolland, Sean M. Sullivan.
|
| 264 |
|
1 |
|a New York :
|b Marcel Decker,
|c [2003]
|
| 264 |
|
4 |
|c ©2003
|
| 300 |
|
|
|a ix, 424 pages :
|b illustrations.
|
| 336 |
|
|
|a text
|b txt
|2 rdacontent
|
| 337 |
|
|
|a unmediated
|b n
|2 rdamedia
|
| 338 |
|
|
|a volume
|b nc
|2 rdacarrier
|
| 490 |
1 |
|
|a Drugs and the pharmaceutical sciences ;
|v v. 131
|
| 504 |
|
|
|a Includes bibliographical references and index.
|
| 505 |
0 |
0 |
|g 1.
|t Introduction to Gene Therapy and Guidelines to Pharmaceutical Development /
|r Sean M. Sullivan --
|g 2.
|t Sustaining Transgene Expression In Vivo /
|r Nelson S. Yew and Seng H. Cheng --
|g 3.
|t Expression Systems: Regulated Gene Expression /
|r Jeffrey L. Nordstrom --
|g 4.
|t Mechanisms for Cationic Lipids in Gene Transfer /
|r Lisa S. Uyechi-O'Brien and Francis C. Szoka, Jr. --
|g 5.
|t Polymer-Based Gene Delivery Systems /
|r Lionel Wightman, Ralf Kircheis and Ernst Wagner --
|g 6.
|t Chimeric Gene Delivery Systems /
|r Yasufumi Kaneda --
|g 7.
|t Adenoviral Vectors for Gene Delivery /
|r Jonathan L. Bramson and Robin J. Parks --
|g 8.
|t Gene Delivery Technology: Adeno-Associated Virus /
|r Barrie J. Carter --
|g 9.
|t Retrovectors Go Forward /
|r Jean-Christophe Pages and Olivier Danos --
|g 10.
|t Device-Mediated Gene Delivery: A Review /
|r Fiona MacLaughlin and Alain Rolland --
|g 11.
|t Nonviral Approaches for Cancer Gene Therapy /
|r Vivian Wai-Yan Lui and Leaf Huang --
|g 12.
|t Replicating Adenoviral Vectors for Cancer Therapy /
|r Murali Ramachandra, John A. Howe and G. William Demers --
|g 13.
|t Cardiovascular Gene Therapy /
|r Mikko P. Turunen, Mikko O. Hiltunen and Seppo Yla-Herttuala --
|g 14.
|t Pulmonary Gene Therapy /
|r Jane C. Davies, Duncan M. Geddes and Eric W.F.W. Alton --
|g 15.
|t Artificial Chromosomes /
|r Jonathan Black and Jean-Michel Vos.
|
| 590 |
|
|
|b TAG Physical Holdings 2
|
| 650 |
|
0 |
|a Gene therapy.
|0 http://id.loc.gov/authorities/subjects/sh85053738
|
| 650 |
|
0 |
|a Drug delivery systems.
|0 http://id.loc.gov/authorities/subjects/sh88007108
|
| 650 |
1 |
2 |
|a Gene Transfer Techniques
|
| 650 |
1 |
2 |
|a Genetic Therapy
|
| 650 |
2 |
2 |
|a Drug Delivery Systems
|
| 650 |
2 |
2 |
|a Genetic Vectors
|x therapeutic use
|
| 650 |
|
6 |
|a Thérapie génique.
|
| 650 |
|
6 |
|a Médicaments
|x Administration
|x Dispositifs.
|
| 650 |
|
6 |
|a Systèmes d'administration de médicaments.
|
| 650 |
|
7 |
|a Drug delivery systems.
|2 fast
|0 (OCoLC)fst00898667
|
| 650 |
|
7 |
|a Gene therapy.
|2 fast
|0 (OCoLC)fst00939638
|
| 650 |
|
7 |
|a Genes.
|2 lemb
|
| 650 |
|
7 |
|a Enfermedades.
|2 lemb
|
| 700 |
1 |
|
|a Rolland, Alain,
|d 1959-
|1 https://id.oclc.org/worldcat/entity/E39PCjHXpW7xkRbxd3Kxf9r7wP
|0 http://id.loc.gov/authorities/names/n93801663
|
| 700 |
1 |
|
|a Sullivan, Sean M.
|0 http://id.loc.gov/authorities/names/nb2003052735
|
| 758 |
|
|
|i has work:
|a Pharmaceutical gene delivery systems (Text)
|1 https://id.oclc.org/worldcat/entity/E39PCFTJYXBd4K66JG3GFYbdjP
|4 https://id.oclc.org/worldcat/ontology/hasWork
|
| 830 |
|
0 |
|a Drugs and the pharmaceutical sciences ;
|v v. 131.
|
| 856 |
4 |
2 |
|3 Publisher description
|u http://catdir.loc.gov/catdir/enhancements/fy0647/2004296924-d.html
|t 0
|
| 938 |
|
|
|a Baker & Taylor
|b BKTY
|c 299.95
|d .00
|i 0824742354
|n 0004183440
|s active
|
| 938 |
|
|
|a Brodart
|b BROD
|n 00382574
|c $199.95
|
| 938 |
|
|
|a YBP Library Services
|b YANK
|n 1956902
|
| 994 |
|
|
|a 92
|b TAG
|
| 852 |
|
|
|a TAG
|b TAGC
|c galv,stk
|h RB155.8 .O536 2003
|t c.1
|
| 876 |
|
|
|c 156.00
|p 33620001050034
|x Acc# 2004-1003
|v unmediated -- volume
|
| 999 |
f |
f |
|s bd857f27-88c3-48d4-8d92-1482cba92068
|i c32891b8-338b-428a-9056-b4e769722e37
|t 0
|
| 952 |
f |
f |
|p normal
|a Texas A&M University
|b Galveston Campus
|c Jack K. Williams Library
|d Galveston Stacks
|t 0
|e RB155.8 .O536 2003
|h Library of Congress classification
|i unmediated -- volume
|m 33620001050034
|
| 998 |
f |
f |
|a RB155.8 .O536 2003
|t 0
|l Galveston Stacks
|